Del Cacao al colón: el desarrollo de la moneda y la banca en Costa Rica

Guardado en:
书目详细资料
主要作者: Daremblum, Jaime
格式: Texto
出版: San José: Centro de Investigación y Adiestramiento Político Administrativo
标签: 添加标签
没有标签, 成为第一个标记此记录!

MARC

LEADER 00000 a a2200000 04500
001 21309
003
040 |a CRAI/IIS  |c CRAI/IIS 
090 |a 093200  
100 |a Daremblum, Jaime  
245 |a Del Cacao al colón: el desarrollo de la moneda y la banca en Costa Rica  
260 |a San José:   |b Centro de Investigación y Adiestramiento Político Administrativo  
300 |a 74 p.; v. 1 y 2  
500 |a Son dos tomos  
999 |c 7025  |d 7025